[Event "BAN-chT2"]
[Site "Dhaka"]
[Date "2017.10.24"]
[Round "3.1"]
[White "Haque, Masudul"]
[Black "Tofazzal, Hossain"]
[Result "1-0"]
[WhiteElo "2106"]
[BlackElo "1776"]
[PlyCount "59"]
[EventDate "2017.10.22"]
[EventType "team-swiss"]
[EventRounds "7"]
[EventCountry "BAN"]
[SourceTitle "CBM 181 Extra"]
[Source "ChessBase"]
[SourceDate "2017.12.12"]
[SourceVersion "1"]
[SourceVersionDate "2017.12.12"]
[SourceQuality "1"]
[WhiteTeam "Morning Glory"]
[BlackTeam "Asad"]
[WhiteTeamCountry "BAN"]
[BlackTeamCountry "BAN"]

1. d4 f5 2. e4 fxe4 3. Nc3 Nf6 4. Bg5 e6 5. Bxf6 Qxf6 6. Nxe4 Qg6 7. Ng3 Nc6 8. Bd3 Qf6 9. c3 d5 10. Nf3 Bd6 11. 0-0 Bd7 12. b4 a6 13. a4 Ne7 14. Re1 Ng6 15. Ne5 Nxe5 16. dxe5 Qf4 17. exd6 cxd6 18. Qh5+ Kd8 19. Qe2 Kc7 20. Qe3 Qf6 21. a5 e5 22. Qb6+ Kc8 23. Rac1 e4 24. Bxe4 Bc6 25. Bf5+ Kb8 26. Re6 Qg5 27. Rce1 Rd8 28. Re7 Qd2 29. Qxd8+ Ka7 30. Qb6+ 1-0

[Event "BAN-chT2"]
[Site "Dhaka"]
[Date "2017.10.22"]
[Round "1.2"]
[White "Tofazzal, Hossain"]
[Black "Yasir Ali, Khan Evan"]
[Result "1-0"]
[WhiteElo "1776"]
[BlackElo "1701"]
[PlyCount "81"]
[EventDate "2017.10.22"]
[EventType "team-swiss"]
[EventRounds "7"]
[EventCountry "BAN"]
[SourceTitle "CBM 181 Extra"]
[Source "ChessBase"]
[SourceDate "2017.12.12"]
[SourceVersion "1"]
[SourceVersionDate "2017.12.12"]
[SourceQuality "1"]
[WhiteTeam "Asad"]
[BlackTeam "Learing Chess Academy"]
[WhiteTeamCountry "BAN"]
[BlackTeamCountry "BAN"]

1. e4 c6 2. c4 e6 3. Nc3 d5 4. cxd5 exd5 5. exd5 cxd5 6. Nf3 Nf6 7. Bb5+ Bd7 8. Qb3 Bxb5 9. Qxb5+ Qd7 10. 0-0 Nc6 11. b3 Be7 12. Re1 0-0 13. d4 Bb4 14. Bd2 a6 15. Qd3 Rfe8 16. Ne5 Nxe5 17. dxe5 Bxc3 18. Bxc3 Nh5 19. Rad1 Rac8 20. Qd4 Qe6 21. g4 Nf4 22. f3 Ng6 23. h3 Nh4 24. Kf2 Qg6 25. Re2 Qc6 26. Bb2 Qc5 27. f4 Ng6 28. Kf3 Qxd4 29. Rxd4 Red8 30. Red2 Rc5 31. b4 Rb5 32. a4 Rb6 33. Rxd5 Rxd5 34. Rxd5 Rxb4 35. Rd8+ Nf8 36. Bd4 Rc4 37. f5 Rc6 38. Ke4 g6 39. f6 Rc7 40. Be3 Rd7 41. Rc8 1-0

[Event "BAN-chT"]
[Site "Dhaka"]
[Date "2013.11.09"]
[Round "8"]
[White "Tofazzal, Hossain"]
[Black "Chatterjee, Debaraj"]
[Result "0-1"]
[WhiteElo "1877"]
[BlackElo "2262"]
[PlyCount "94"]
[EventDate "2013.11.02"]
[EventType "team-tourn"]
[EventRounds "9"]
[EventCountry "BAN"]
[SourceTitle "CBM 157 Extra"]
[Source "ChessBase"]
[SourceDate "2013.12.19"]
[SourceVersion "1"]
[SourceVersionDate "2013.12.19"]
[SourceQuality "1"]

1. e4 c5 2. Nc3 Nc6 3. Nf3 e5 4. Bc4 d6 5. d3 Be7 6. Be3 Nf6 7. Ng5 0-0 8. h3 Rb8 9. Nf3 Nd4 10. a4 a6 11. Nd5 Nxd5 12. Bxd5 Kh8 13. c3 Ne6 14. Qd2 Nc7 15. Bb3 f5 16. exf5 Bxf5 17. 0-0 Be6 18. Bxe6 Nxe6 19. d4 cxd4 20. cxd4 e4 21. Nh2 d5 22. Ng4 Bd6 23. Rac1 h5 24. Nh2 Nf4 25. Kh1 Qd7 26. Qd1 Qf5 27. Bxf4 Bxf4 28. Rc5 Bd6 29. Rc3 Rf6 30. Qe2 Rbf8 31. Kg1 Qg6 32. g3 Rf5 33. Kg2 Qf6 34. Qe3 Bb8 35. h4 Ba7 36. Rc5 Bxc5 37. dxc5 Qxb2 38. g4 Rf4 39. gxh5 d4 40. Qg3 e3 41. h6 Rxf2+ 42. Kg1 Rxf1+ 43. Nxf1 Qf2+ 44. Qxf2 Rxf2 45. hxg7+ Kxg7 46. Ng3 Rf8 47. Nf1 e2 0-1

[Event "BAN-chT"]
[Site "Dhaka"]
[Date "2013.11.07"]
[Round "6"]
[White "Mohammad, Minhaz Uddin"]
[Black "Tofazzal, Hossain"]
[Result "1-0"]
[WhiteElo "2409"]
[BlackElo "1877"]
[PlyCount "119"]
[EventDate "2013.11.02"]
[EventType "team-tourn"]
[EventRounds "9"]
[EventCountry "BAN"]
[SourceTitle "CBM 157 Extra"]
[Source "ChessBase"]
[SourceDate "2013.12.19"]
[SourceVersion "1"]
[SourceVersionDate "2013.12.19"]
[SourceQuality "1"]

1. e4 c5 2. Nf3 Nc6 3. d4 cxd4 4. Nxd4 e6 5. Nc3 Bb4 6. Ndb5 d5 7. exd5 exd5 8. Qxd5 Qe7+ 9. Be3 a6 10. Nd4 Nf6 11. Nxc6 Qxe3+ 12. fxe3 Bxc3+ 13. bxc3 Nxd5 14. Nd4 Nxe3 15. Kd2 Nxf1+ 16. Rhxf1 0-0 17. Rfb1 Rd8 18. Rb6 g6 19. Re1 Kf8 20. Re5 Rb8 21. Ke3 Re8 22. Ke4 Bd7 23. c4 f5+ 24. Kd5 Red8 25. Rf6+ Kg7 26. Rd6 Kf7 27. c5 Rbc8 28. Kc4 Bc6 29. Nxc6 bxc6 30. Ree6 Rxd6 31. Rxd6 Ke7 32. h4 Rc7 33. a4 a5 34. c3 Kf7 35. Kd4 Ke7 36. Ke5 Kf7 37. Rf6+ Ke7 38. Re6+ Kf7 39. Kd6 Rc8 40. Re7+ Kf6 41. Kd7 Rb8 42. Re6+ Kg7 43. Kxc6 Kh6 44. Kd7 Kh5 45. c6 Kxh4 46. c7 Rb7 47. Re3 g5 48. Rh3+ Kg4 49. Rxh7 Kg3 50. Kc6 Rxc7+ 51. Kxc7 Kxg2 52. Rh5 f4 53. Rxg5+ Kh2 54. Rxa5 f3 55. Rf5 Kg3 56. a5 Kg4 57. a6 Kxf5 58. a7 f2 59. a8Q Ke5 60. Qg2 1-0

[Event "BAN-chT"]
[Site "Dhaka"]
[Date "2013.11.04"]
[Round "3"]
[White "Tofazzal, Hossain"]
[Black "Hasan Md, Emam"]
[Result "0-1"]
[WhiteElo "1877"]
[BlackElo "2171"]
[PlyCount "164"]
[EventDate "2013.11.02"]
[EventType "team-tourn"]
[EventRounds "9"]
[EventCountry "BAN"]
[SourceTitle "CBM 157 Extra"]
[Source "ChessBase"]
[SourceDate "2013.12.19"]
[SourceVersion "1"]
[SourceVersionDate "2013.12.19"]
[SourceQuality "1"]

1. e4 e5 2. Nf3 d6 3. Bc4 c6 4. Nc3 Be7 5. d4 Nd7 6. Be3 h6 7. h3 Ngf6 8. Qd2 b5 9. Bd3 a6 10. a3 Bb7 11. dxe5 dxe5 12. Nh2 c5 13. f3 Qc7 14. 0-0 Rd8 15. Qf2 c4 16. Be2 0-0 17. Rfd1 Bc5 18. Nf1 Bxe3 19. Nxe3 Nc5 20. Qg3 Kh7 21. Nf5 g6 22. Qh4 Ng8 23. Ne3 Ne6 24. Kh1 Nf4 25. Bf1 Qb6 26. Ng4 g5 27. Qg3 Qc5 28. h4 f6 29. Qh2 Kg7 30. g3 Ne6 31. Rxd8 Rxd8 32. Nd1 h5 33. Nge3 g4 34. Qf2 Nh6 35. c3 Qd6 36. Kg1 Nc5 37. fxg4 Nxe4 38. Qf3 hxg4 39. Nxg4 Nc5 40. Qe2 Qd3 41. Qxd3 cxd3 42. Nxh6 Kxh6 43. Ne3 Na4 44. Rb1 Be4 45. Bg2 Bh7 46. Nd1 d2 47. Ra1 Bc2 48. Bf3 Bxd1 49. Bxd1 Nxb2 50. Kf2 Nxd1+ 51. Rxd1 Rd3 52. a4 bxa4 53. c4 a3 54. Ke2 Rc3 55. Kxd2 Rxc4 56. Ra1 Ra4 57. Ra2 Kh5 58. Ke2 Kg4 59. Kf2 f5 60. Kg2 f4 61. gxf4 exf4 62. Kf2 Kxh4 63. Kf3 Kg5 64. Rg2+ Kf5 65. Ra2 Ra5 66. Rh2 Rb5 67. Rh5+ Kg6 68. Rh1 Kg5 69. Ra1 Rb3+ 70. Kf2 f3 71. Rc1 Kf4 72. Rc4+ Ke5 73. Ra4 Kd5 74. Rxa6 Rd3 75. Ra4 Kc5 76. Ra8 Kb4 77. Rb8+ Kc3 78. Ra8 Kb2 79. Rb8+ Rb3 80. Rd8 a2 81. Rd2+ Ka3 82. Rxa2+ Kxa2 0-1